banner

Historia universal de la infamia científica: (Registro nro. 953)

000 -LEADER
fixed length control field 01135nam a22002537 4500
003 - CONTROL NUMBER IDENTIFIER
control field AR-BaISA
005 - DATE AND TIME OF LATEST TRANSACTION
control field 20220527174707.0
007 - PHYSICAL DESCRIPTION FIXED FIELD--GENERAL INFORMATION
fixed length control field ta
008 - FIXED-LENGTH DATA ELEMENTS--GENERAL INFORMATION
fixed length control field 220527s2010 ag ao||| |||| 000 0 spa d
020 ## - INTERNATIONAL STANDARD BOOK NUMBER
International Standard Book Number 9789876290999
040 ## - CATALOGING SOURCE
Language of cataloging spa
Transcribing agency AR-BaISA
082 04 - DEWEY DECIMAL CLASSIFICATION NUMBER
Edition number 22
Classification number 303.483 Al45
100 1# - MAIN ENTRY--PERSONAL NAME
9 (RLIN) 2247
Personal name Alinovi, Matías
245 10 - TITLE STATEMENT
Title Historia universal de la infamia científica:
Remainder of title imposturas y estafas en nombre de la ciencia /
Statement of responsibility, etc. Matías Alinovi
260 ## - PUBLICATION, DISTRIBUTION, ETC.
Place of publication, distribution, etc. Buenos Aires:
Name of publisher, distributor, etc. Siglo XXI,
Date of publication, distribution, etc. 2010
300 ## - PHYSICAL DESCRIPTION
Extent 206 p.:
Other physical details il., fotos
490 1# - SERIES STATEMENT
Serie Ciencia que ladra. Serie mayor
504 ## - BIBLIOGRAPHY, ETC. NOTE
Bibliography, etc. note Bibliografía p.: 201-203.
505 ## - FORMATTED CONTENTS NOTE
Title Divulgar el fraude. Prefacio --
-- El hombre de Piltdown, o la tentación del fraude patriótico --
-- Ronald Richter, o el fraude megalómano --
-- Johan Bessler, o el fraude por codicia --
-- El hombre de Miramar, o el fraude como proyección de la realidad --
-- Paul Kammerer, o el fraude como convicción alternativa --
-- Vishwa Jit Gupta, o el fraude imaginario
650 14 - SUBJECT ADDED ENTRY--TOPICAL TERM
9 (RLIN) 136
Topical term or geographic name entry element Ciencia
General subdivision historia
650 14 - SUBJECT ADDED ENTRY--TOPICAL TERM
9 (RLIN) 2248
Topical term or geographic name entry element Mala conducta científica
830 #0 - SERIES ADDED ENTRY--UNIFORM TITLE
9 (RLIN) 1255
Uniform title Ciencia que ladra
942 ## - ADDED ENTRY ELEMENTS (KOHA)
Source of classification or shelving scheme
Koha item type Libros
Edition 22
Existencias
Withdrawn status Lost status Source of classification or shelving scheme Damaged status Not for loan Permanent Location Current Location Date acquired Inventory number Full call number Barcode Date last seen Price effective from Koha item type
          Biblioteca ISALUD. Dr. Néstor Rodríguez Campoamor Biblioteca ISALUD. Dr. Néstor Rodríguez Campoamor 2022-05-27 2282 303.483 Al45 2282 2022-05-27 2022-05-27 Libros